Utopia Enem - Statistics

Estatísticas Gerais
  • Esse quiz foi jogado 28 vezes
  • A pontuação média é 68 de 253
Estatísticas das Respostas
Hint Responder % Correto
117 | 152 | 35 | +3 others é
89%
238 | 246 | 24 e
89%
144 | 172 | 182 | +5 others a
83%
132 | 102 à
83%
1 Na
78%
14 | 198 | 32 na
78%
115 | 121 | 155 | +13 others o
78%
3 | 251 Utopia
67%
134 | 230 | 252 | +5 others de
61%
161 De
61%
4 | 159 | 174 | +6 others do
61%
2 obra
56%
7 | 113 Thomas
50%
5 escritor
44%
50 as
39%
8 | 253 | 58 More
39%
26 No
39%
99 | 129 no
39%
15 qual
39%
199 | 84 | 12 sociedade
39%
43 | 11 uma
39%
13 perfeita
33%
119 | 221 por
33%
30 se
33%
160 problema
28%
100 | 106 | 177 | +6 others que
28%
10 retratada
28%
21 ausência
22%
41 autor
22%
130 Brasil
22%
23 conflitos
22%
17 corpo
22%
146 dessa
22%
140 | 233 Desse
22%
166 | 184 desse
22%
59 Esse
22%
6 inglês
22%
127 não
22%
181 | 192 para
22%
20 pela
22%
25 problemas
22%
18 social
22%
48 apresenta
17%
34 contemporânea
17%
123 | 196 | 216 | +2 others da
17%
27 entanto
17%
116 estado
17%
126 | 170 isso
17%
231 MEIO/MODO
17%
37 oposto
17%
19 padroniza-se
17%
112 pensador
17%
33 realidade
17%
44 vez
17%
162 acordo
11%
138 | 66 ARGUMENTO1
11%
187 Assim
11%
60 cenário
11%
163 | 202 com
11%
70 Diante
11%
96 | 55 dos
11%
227 | 236 em
11%
125 entretanto
11%
79 fim
11%
114 Hobbes
11%
176
11%
141 | 234 modo
11%
31 observa
11%
56 planos
11%
124 população
11%
42 prega
11%
51 quais
11%
67 quanto
11%
190 são
11%
151 Ademais
6%
61 antagônico
6%
156 | 179 | 69 ARGUMENTO2
6%
77 aspectos
6%
135 | 95 atuação
6%
137 autoridades
6%
94 baixa
6%
49 barreiras
6%
122 bem-estar
6%
200 brasileira
6%
107 coíbam
6%
101 concerne
6%
54 concretização
6%
139 CONSEQUÊNCIAPROB
6%
103 criação
6%
136 das
6%
149 deforma
6%
92 deriva
6%
76 desses
6%
131 devido
6%
52 dificultam
6%
75 discussão
6%
71 disso
6%
148 estatal
6%
133 falta
6%
142 faz-se
6%
63 fruto
6%
87 fulcral
6%
82 funcionamento
6%
73 fundamental
6%
120 garantir
6%
98 governamentais
6%
105 mecanismos
6%
237 médio
6%
143 mister
6%
128 ocorre
6%
81 pleno
6%
88 pontuar
6%
85 Precipuamente
6%
208 | 245 | 91 PROBLEMARED
6%
197 problemática
6%
109 recorrências
6%
145 reformulação
6%
118 responsável
6%
110 Segundo
6%
97 setores
6%
108 tais
6%
64 tanto
6%
47 TEMARED
6%
72 torna-se
6%
150 urgente
6%
228 AÇÃO
0%
224 AGENTE
0%
249 alcançará
0%
168 APROFUNDAMENTOARG
0%
235 atenuar-se-á
0%
229 através
0%
195 avanço
0%
219 capital
0%
248 coletividade
0%
157 como
0%
215 Contas
0%
193 conter
0%
180 contribui
0%
164 DADOSCITAÇÃO
0%
186 deletério
0%
201 Dessarte
0%
232 DETALHAMENTO
0%
218 direcione
0%
175 empecilho
0%
189 exequíveis
0%
242 impacto
0%
153 imperativo
0%
222 intermédio
0%
204 intuito
0%
239 longo
0%
188 medidas
0%
206 mitigar
0%
191 necessárias
0%
209 necessita-se
0%
243 nocivo
0%
165 Partindo
0%
183 perpetuação
0%
147 postura
0%
240 prazo
0%
167 pressuposto
0%
158 promotor
0%
185 quadro
0%
173 resolução
0%
154 ressaltar
0%
171 retarda
0%
226 revertido
0%
225 será
0%
213 Tribunal
0%
169 Tudo
0%
217 União
0%
210 urgentemente
0%
Nenhum quiz correspondente encontrado
Distribuição das Pontuações
Porcentagem de Pessoas com Cada Pontuação
Percentil de Números Respondidos
Sua Pontuação Histórica
Você não jogou esse quiz